Sociálna analýza
Význam sociálnej analýzy v podniku - skúma ekonomicko-sociálnu spôsobilosť podniku: utvárať podnikovú sociálnu politiku, realizovať podnikovú sociálnu politiku, utvárať finančné zdroje na krytie sociálnej politiky podniku a zhodnocovať vplyv podnikovej sociálnej politiky na ekonomickú úspešnosť podn...
Salvato in:
| Autore principale: | |
|---|---|
| Natura: | Capitolo di libro |
| Lingua: | slovacco |
| Soggetti: | |
| Tags: |
Nessun Tag, puoi essere il primo ad aggiungerne!!
|
MARC
| LEADER | 00000naa a2200000 4500 | ||
|---|---|---|---|
| 001 | r021284 | ||
| 005 | 20230424120235.0 | ||
| 041 | 0 | |a slo | |
| 044 | |a SK | ||
| 245 | 1 | 0 | |a Sociálna analýza |c Alena Krausová |
| 520 | |a Význam sociálnej analýzy v podniku - skúma ekonomicko-sociálnu spôsobilosť podniku: utvárať podnikovú sociálnu politiku, realizovať podnikovú sociálnu politiku, utvárať finančné zdroje na krytie sociálnej politiky podniku a zhodnocovať vplyv podnikovej sociálnej politiky na ekonomickú úspešnosť podniku. Ukazovatele podnikovej sociálnej politiky - absolútne a pomerové. Porovnávanie ukazovateľov. | ||
| 610 | 2 | 0 | |a analýza sociálna |
| 610 | 2 | 0 | |a politika sociálna |
| 610 | 2 | 0 | |a podnik |
| 610 | 2 | 0 | |a financovanie |
| 100 | 1 | |a Krausová, Alena | |